[Event "Montreal Mini-COQ"]
[Site "Montreal"]
[Date "2011.07.24"]
[Round "3"]
[White "Grenier, Jean Luc"]
[Black "Morin, Louis"]
[Result "1-0"]
[WhiteElo "1721"]
[BlackElo "1885"]
[PlyCount "93"]
[EventDate "2011.07.23"]
[EventType "swiss"]
[EventRounds "4"]
[EventCountry "CAN"]
[SourceTitle "EXT 2022"]
[Source "ChessBase"]
[SourceDate "2021.10.06"]
[SourceVersion "1"]
[SourceVersionDate "2021.10.06"]
[SourceQuality "1"]

1. e4 e5 2. Nf3 d6 3. d4 Nf6 4. Nc3 Nbd7 5. Be3 Be7 6. Bc4 c6 7. 0-0 0-0 8. Nd2 b5 9. Bb3 exd4 10. Bxd4 Nc5 11. e5 Ng4 12. exd6 Qxd6 13. Nf3 Bf5 14. Bxc5 Qxc5 15. Qe2 Rfe8 16. Rfe1 Qb6 17. Ng5 Nh6 18. a4 Kf8 19. Nge4 Bb4 20. Qf3 a6 21. h3 Rad8 22. Re2 Be6 23. Bxe6 Rxe6 24. Ng5 Rxe2 25. Qxe2 Bxc3 26. bxc3 Kg8 27. Re1 Qb8 28. Qe4 g6 29. Qe7 Rf8 30. Qf6 bxa4 31. g4 Qd8 32. Re7 Qd1+ 33. Kg2 a3 34. Ne6 Qd5+ 35. Kg3 Qd6+ 36. Kh4 Qxe6 37. Rxe6 fxe6 38. Qxe6+ Rf7 39. Kg5 Kg7 40. Qe5+ Kf8 41. Kxh6 a2 42. Qa5 Rxf2 43. Qxa2 Rf3 44. Kxh7 Rxh3+ 45. Kxg6 Ke7 46. Qxa6 Rxc3 47. Qe2+ 1-0